| 000 | 00368nam a22001577a 4500 | ||
|---|---|---|---|
| 003 | CEME | ||
| 005 | 20210628203750.0 | ||
| 008 | 210305b xxu||||| |||| 00| 0 eng d | ||
| 040 | _c. | ||
| 082 | _a923.295491 RAJ'Q | ||
| 100 |
_aRaja, Zafar Ali Dr _967191 |
||
| 245 | _aQuaid e-azam and women | ||
| 260 |
_aLAHORE _bJANG _c1991 |
||
| 300 | _a193P | ||
| 942 |
_cBK _2ddc |
||
| 999 |
_c575028 _d575028 |
||